000 00584cam a2200145 4500500
005 20251228052419.0
041 _afre
042 _adc
100 1 0 _aMaupeu, Hervé
_eauthor
245 0 0 _aSABAR, Galia. — Church, State and Society in Kenya From Mediation to Opposition, 1963-1993. London-Portland, Frank Cass, 2002, 334 p.
260 _c2005.
500 _a44
786 0 _nCahiers d'études africaines | 177 | 1 | 2005-03-01 | p. 257o-303o | 0008-0055
856 4 1 _uhttps://shs.cairn.info/revue-cahiers-d-etudes-africaines-2005-1-page-257o?lang=fr&redirect-ssocas=7080
999 _c1583495
_d1583495